| 000 | 00426nam a2200157Ia 4500 | ||
|---|---|---|---|
| 008 | 221030s9999 xx 000 0 und d | ||
| 020 | _a813152101X | ||
| 041 | _aEnglish | ||
| 100 | _aM. S. Barker | ||
| 245 | 0 |
_aSocial Media Marketing : A Strategic Approach _cby M. S. Barker, D. I. Barker |
|
| 260 |
_bCengage Learning _aNew Delhi _c2019 |
||
| 300 | _a362 | ||
| 650 | _aManagement | ||
| 700 | _aD. I. Barker | ||
| 942 | _cBK | ||
| 999 |
_c18630 _d18630 |
||